01280nam a2200277Ia 4500003000400000005001700004008004000021020001800061040000700079041000800086082002200094100001800116245003900134250001200173260004400185300003000229365006600259520054000325650002100865650002000886650002400906650001800930650001400948650002000962700002000982OSt20220217093234.0210210b2014 xxu||||| |||| 00| 0 eng d a9788184955699 cAL aeng a355.02 223bNATS aN K Natarajan aSSB Interview: The Complete Guide  a3rd ed. aAhmedabadbJaico Publishing Housec2021 avii,,343p.bPBc22x15 cm. 2Competitive Examsa5798b235.00c₹d188.00e20%f10-02-2022 aSSB Interview: The Complete Guide is a comprehensive book for candidates appearing for the interview conducted by the Services Selection Board of India. The book comprises of chapters on the screening tests, psychological tests, group testing, personal interview, service-related information, geo-politics and national issues. In addition, the book also provides valuable information about Service Selection Board and the interview procedure. This bok is essential for candidates aspiring to become officers in the Indian Armed Forces. aCompetitive Exam aScreening Tests aPsychological Tests aGroup Testing aInterview aNational Issues aNATARAJAN (N K)